Les Communes les plus riches de France - Statistiques

Statistiques générales
  • Ce quiz a été pris 59 fois
  • Le résultat moyen est 2 sur 20
Statistiques - réponses
revenu fiscal de référence départements communes % Correct
100 038 euros Hauts-de-Seine Neuilly-sur-Seine
78%
82 448 euros Hauts-de-Seine Marnes-la-Coquette
31%
86 634 euros Yvelines le Vésinet
22%
90 359 euros Yvelines Saint-Nom-la-Bretèche
19%
80 910 euros Yvelines l'étang-la-Ville
11%
79 892 euros Haute-Savoie Veyrier-du-Lac
11%
84 935 euros Haute-Garonne Vieille-Toulouse
11%
100 213 euros Isère Biviers
7%
82 568 euros Haute-Garonne Mervilla
6%
135 867 euros Yvelines Milon-la-Chapelle
6%
88 932 euros Rhône Saint-Didier-au-mont-d'Or
6%
99 013 euros Pyrénées-Atlantique Monségur
4%
100 339 euros Yvelines Rennemoulin
4%
104 260 euros Seine-et-Marne Andrezel
2%
140 153 euros Meuse Beauclair
2%
90 803 euros Haut-Rhin Bendorf
2%
85 547 euros Haute-Savoie Bossey
2%
100 097 euros Ardennes Buzancy
2%
83 068 euros Aisne Fayet
2%
81 651 euros Yonne Fontenay-près-Chablis
2%
Aucun quiz correspondant
Distribution des résultats
% des personnes avec chaque résultat
Percentile par nombre de réponses
Votre historique - résultats
Vous n’avez pas pris ce quiz